Mistrzynie świata w biegu na 100 m - Statystyki

Ogólne statystyki
  • Ten quiz został rozwiązany 7 razy
  • Średni wynik to 4 z 19
Statystyki odpowiedzi
Rok Imię i nazwisko % Poprawnych
1997 Marion Jones
75%
1999 Marion Jones
75%
2005 Lauryn Williams
50%
2023 Sha'Carri Richardson
50%
2007 Veronica Campbell
50%
2011 Carmelita Jeter
25%
2017 Tori Bowie
25%
2003 Torri Edwards
25%
2001 Zanna Pintusewicz-Block
25%
1993 Gail Devers
0%
1995 Gwen Torrence
0%
1991 Katrin Krabbe
0%
1983 Marlies Gohr
0%
2009 Shelly-Ann Fraser-Price
0%
2013 Shelly-Ann Fraser-Price
0%
2015 Shelly-Ann Fraser-Price
0%
2019 Shelly-Ann Fraser-Price
0%
2022 Shelly-Ann Fraser-Price
0%
1987 Silke Gladisch
0%
Nie znaleziono quizów pasujących do podanych kryteriów
Rozkład punktacji
Procent ludzi z każdym wynikiem
Percentyl według liczby udzielonych odpowiedzi
Twoja historia wyników
Nie rozwiązałeś tego quizu